000 00286nam a22001337a 4500
008 180919b xxu||||| |||| 00| 0 eng d
020 _a9780538716611
041 _aeng
080 _a371
100 _a25
101 _aEDU
245 _aCollege keyboarding
_cVanHuss
942 _2udc
_cBK
999 _c48087
_d48087